书目信息 |
| 题名: |
模拟电子技术基础 (第五版) 同步辅导及习题全解
|
|
| 作者: | 于登峰 , 边文思 主编 | |
| 分册: | ||
| 出版信息: | 北京 中国水利水电出版社 2016.10 |
|
| 页数: | 308页 | |
| 开本: | 23cm | |
| 丛书名: | 九章丛书 | |
| 单 册: | ||
| 中图分类: | TN710.4 | |
| 科图分类: | ||
| 主题词: | 模拟电路--mo ni dian lu--电子技术--高等教育--教学参考资料 | |
| 电子资源: | ||
| ISBN: | 978-7-5170-4832-9 | |
| 000 | 01327nam 2200313 450 | |
| 001 | CAL 0120162071011 | |
| 005 | 20170110090855.4 | |
| 010 | @a978-7-5170-4832-9@dCNY32.80 | |
| 100 | @a20170109d2016 em y0chiy50 ea | |
| 101 | 0 | @achi |
| 102 | @aCN@b110000 | |
| 105 | @aak z 000yy | |
| 106 | @ar | |
| 200 | 1 | @a模拟电子技术基础 (第五版) 同步辅导及习题全解@Amo ni dian zi ji shu ji chu ( di wu ban ) tong bu fu dao ji xi ti quan jie@f主编于登峰, 边文思@Fzhu bian yu deng feng , bian wen si |
| 205 | @a新版 | |
| 210 | @a北京@c中国水利水电出版社@d2016.10 | |
| 215 | @a308页@c图@d23cm | |
| 225 | 2 | @a九章丛书@Ajiu zhang cong shu |
| 225 | 2 | @a高校经典教材同步辅导丛书@Agao xiao jing dian jiao cai tong bu fu dao cong shu@e配套高教版@i电子类 |
| 330 | @a本书共有10章, 分别介绍常用半导体器件、基本放大电路、集成运算放大电路、放大器的频率响应、放大电路中的反馈、信号的运算和处理、波形的发生和信号的转换、功率放大电路、直流电源、模拟电子电路读图。 | |
| 410 | 0 | @12001 @a九章丛书 |
| 410 | 0 | @12001 @a高校经典教材同步辅导丛书 (配套高教版)@i电子类 |
| 586 | @a | |
| 606 | 0 | @a模拟电路@Amo ni dian lu@x电子技术@x高等教育@j教学参考资料 |
| 690 | @aTN710.4@v5 | |
| 701 | 0 | @a于登峰@Ayu deng feng@4主编 |
| 701 | 0 | @a边文思@Abian wen si@4主编 |
| 801 | 0 | @aCN@c20170109 |
| 905 | @a河南城建学院图书馆@dTN710.4@eY705@f3 | |
| 模拟电子技术基础 (第五版) 同步辅导及习题全解/主编于登峰, 边文思.-新版.-北京:中国水利水电出版社,2016.10 |
| 308页:图;23cm.-(九章丛书).-(高校经典教材同步辅导丛书:配套高教版.电子类) |
| ISBN 978-7-5170-4832-9:CNY32.80 |
| 本书共有10章, 分别介绍常用半导体器件、基本放大电路、集成运算放大电路、放大器的频率响应、放大电路中的反馈、信号的运算和处理、波形的发生和信号的转换、功率放大电路、直流电源、模拟电子电路读图。 |
| ● |
| 相关链接 |
|
|
|
正题名:模拟电子技术基础 (第五版) 同步辅导及习题
索取号:TN710.4/Y705
 
预约/预借
| 序号 | 登录号 | 条形码 | 馆藏地/架位号 | 状态 | 备注 |
| 1 | 1407207 | 214072073 | 期刊室512/ [索取号:TN710.4/Y705] | 在馆 | |
| 2 | 1407208 | 214072082 | 自科库301/301自科库 17排1列3层/ [索取号:TN710.4/Y705] | 在馆 | |
| 3 | 1407209 | 214072091 | 自科库301/301自科库 31排3列1层/ [索取号:TN710.4/Y705] | 在馆 |